Govt. of
Madhya Pradesh

भूमंडली‍करण और हिन्‍दी साहित्‍य (Record no. 62049)

MARC details
000 -LEADER
fixed length control field 00557nam a22001577a 4500
003 - CONTROL NUMBER IDENTIFIER
control field macl
005 - DATE AND TIME OF LATEST TRANSACTION
control field 20200213130513.0
008 - FIXED-LENGTH DATA ELEMENTS--GENERAL INFORMATION
fixed length control field 200213b xxu||||| |||| 00| 0 eng d
040 ## - CATALOGING SOURCE
Transcribing agency macl
082 ## - DEWEY DECIMAL CLASSIFICATION NUMBER
Classification number 800
100 ## - MAIN ENTRY--PERSONAL NAME
Personal name सिन्‍हा, रणजीत कुमार
9 (RLIN) 78168
245 ## - TITLE STATEMENT
Title भूमंडली‍करण और हिन्‍दी साहित्‍य
260 ## - PUBLICATION, DISTRIBUTION, ETC. (IMPRINT)
Place of publication, distribution, etc. कोलकाता
Name of publisher, distributor, etc. मानव प्रकाशन
Date of publication, distribution, etc. 2016
650 ## - SUBJECT ADDED ENTRY--TOPICAL TERM
Topical term or geographic name as entry element हिन्‍दी साहित्‍य
9 (RLIN) 36757
942 ## - ADDED ENTRY ELEMENTS (KOHA)
Source of classification or shelving scheme
Koha item type Hindi Books

No items available.